Kepelbagaian tarian

Bibliographic Details
Main Author: Jasiman Ahmad
Other Authors: Nora Hj. Samat
Format: Book
Published: Kuala Lumpur : Jade Green Publications Sdn. Bhd , 2001
Series:Siri Enciklopedia kebudayaan
Subjects:

MARC

LEADER 00000cam a2200000 7i4500
001 0000061792
005 20160321.0
008 160321
020 |a 9789832253228 
020 |a 9832253225 
090 0 0 |a 791.31595   |b JAS 
100 1 |a Jasiman Ahmad 
245 1 0 |a Kepelbagaian tarian   |c Jasiman Ahmad, Nora Hj. Samat 
260 |a Kuala Lumpur :   |b Jade Green Publications Sdn. Bhd ,   |c 2001 
300 |a 64 pg :   |b Col, Ill ;   |c 28.5cm. 
490 1 |a Siri Enciklopedia kebudayaan 
650 0 |a Dance   |x Malaysia 
650 0 |a Folk dancing   |x Malaysia 
700 0 |a Nora Hj. Samat 
999 |a 0000885470   |b Book   |c REFERENCE   |e Cawangan Tmn. Ungku Tun Aminah 
999 |a 0000885471   |b Book   |c Adult Collection   |e Cawangan Segamat 
999 |a 0000885475   |b Book   |c REFERENCE   |e Cawangan Tangkak